[Event "RSA-chT U20A"]
[Site "Boksburg"]
[Date "2018.12.16"]
[Round "2.6"]
[White "Cilliers, Michaela"]
[Black "Mthembu, Sazi"]
[Result "0-1"]
[WhiteElo "782"]
[BlackElo "1200"]
[PlyCount "56"]
[EventDate "2018.12.16"]
[EventType "team-tourn"]
[EventRounds "7"]
[EventCountry "RSA"]
[SourceTitle "EXT 2020"]
[Source "ChessBase"]
[SourceDate "2019.10.17"]
[SourceVersion "1"]
[SourceVersionDate "2019.10.17"]
[SourceQuality "1"]
[WhiteTeam "Bojanala Platina U20"]
[BlackTeam "Ethekwini U20"]
[WhiteTeamCountry "RSA"]
[BlackTeamCountry "RSA"]

1. e4 e5 2. a3 Bc5 3. h3 Nf6 4. Nc3 0-0 5. Nf3 d6 6. Bc4 Nc6 7. d3 h6 8. Bb5 Nd4 9. Be3 Nxf3+ 10. Qxf3 Bb6 11. Bd2 c6 12. Bc4 Re8 13. 0-0 Bc7 14. Rae1 b5 15. Bb3 a6 16. Qd1 d5 17. Re3 d4 18. Rf3 dxc3 19. bxc3 Be6 20. Qc1 Kh7 21. Rg3 Nh5 22. Rf3 Qe7 23. d4 exd4 24. g4 Bxb3 25. Re1 Qe5 26. Rf5 Qh2+ 27. Kf1 Bc4+ 28. Re2 Qh1# 0-1